Database programming with JDBC and java (Record no. 176547)

000 -LEADER
fixed length control field 00391nam a2200133Ia 4500
008 - FIXED-LENGTH DATA ELEMENTS--GENERAL INFORMATION
fixed length control field 220217s9999||||xx |||||||||||||| ||und||
020 ## - INTERNATIONAL STANDARD BOOK NUMBER
International Standard Book Number 81-7366-289-4
082 ## - DEWEY DECIMAL CLASSIFICATION NUMBER
Classification number 005.13 REE
100 ## - MAIN ENTRY--PERSONAL NAME
Personal name Reese, George
9 (RLIN) 5539
245 #0 - TITLE STATEMENT
Title Database programming with JDBC and java
260 ## - PUBLICATION, DISTRIBUTION, ETC.
Place of publication, distribution, etc. Shroff publishers and dist.Pvt.
Name of publisher, distributor, etc. Mumbai
Date of publication, distribution, etc. 2007
300 ## - PHYSICAL DESCRIPTION
Other physical details 150
650 ## - SUBJECT ADDED ENTRY--TOPICAL TERM
Topical term or geographic name entry element DATA FILES & DATABASE
9 (RLIN) 695
Holdings
Withdrawn status Lost status Damaged status Not for loan Collection code Home library Current library Shelving location Date acquired Full call number Barcode Date last seen Price effective from Koha item type
        Computer Science and Engineering Central Library Central Library Book Cart 02/18/2022 005.13 REE 11736 02/18/2022 02/18/2022 Books

Powered by Koha